[Event "EU-ch U12 26th"]
[Site "Prague"]
[Date "2016.08.24"]
[Round "6"]
[White "Rosol, Alexander"]
[Black "Devyaterikov, Ivan"]
[Result "1-0"]
[WhiteElo "1779"]
[BlackElo "1536"]
[PlyCount "91"]
[EventDate "2016.08.18"]
[EventType "swiss"]
[EventRounds "9"]
[EventCountry "CZE"]
[SourceTitle "CBM 174 Extra"]
[Source "ChessBase"]
[SourceDate "2016.10.10"]
[SourceVersion "1"]
[SourceVersionDate "2016.10.10"]
[SourceQuality "1"]

1. e4 c6 2. d4 d5 3. Nd2 dxe4 4. Nxe4 Nd7 5. Ng5 Ngf6 6. Bd3 e6 7. N1f3 Bd6 8. Qe2 h6 9. Ne4 Nxe4 10. Bxe4 Nf6 11. Bd3 c5 12. g4 cxd4 13. Bd2 Qb6 14. 0-0-0 Bd7 15. g5 hxg5 16. Nxg5 Nd5 17. Qf3 Nf6 18. Rhe1 Bc6 19. Qe2 Bd5 20. Kb1 Ba3 21. Bc1 a6 22. f4 Bb4 23. Bd2 Bc3 24. b3 Qa5 25. f5 Qa3 26. Bc1 Qe7 27. fxe6 Bxe1 28. exf7+ Kf8 29. Qxe7+ Kxe7 30. Rxe1+ Kd7 31. Ba3 Rad8 32. Bf5+ Kc6 33. Be6 b5 34. Bxd5+ Kxd5 35. Ne6 Rc8 36. f8Q Rcxf8 37. Nxf8 Rxh2 38. Ng6 Ne4 39. Nf4+ Ke5 40. Nd3+ Kf5 41. Rf1+ Kg5 42. Bc1+ Kh5 43. Nf4+ Kh4 44. Ng6+ Kh5 45. Ne5 g5 46. Rf8 1-0

[Event "EU-ch U12 26th"]
[Site "Prague"]
[Date "2016.08.19"]
[Round "2"]
[White "Devyaterikov, Ivan"]
[Black "Jordanov, Mihail"]
[Result "1-0"]
[WhiteElo "1536"]
[BlackElo "1758"]
[PlyCount "66"]
[EventDate "2016.08.18"]
[EventType "swiss"]
[EventRounds "9"]
[EventCountry "CZE"]
[SourceTitle "CBM 174 Extra"]
[Source "ChessBase"]
[SourceDate "2016.10.10"]
[SourceVersion "1"]
[SourceVersionDate "2016.10.10"]
[SourceQuality "1"]

1. d4 d5 2. c4 e6 3. Nc3 Nf6 4. cxd5 exd5 5. Bg5 Nbd7 6. e3 Be7 7. Bd3 0-0 8. Nf3 b6 9. 0-0 Bb7 10. Qc2 h6 11. Bf4 c5 12. Rac1 Rc8 13. Ne5 Nh5 14. Nxd7 Nxf4 15. Nxf8 Bxf8 16. dxc5 Rxc5 17. exf4 d4 18. Rfd1 Qa8 19. Be4 dxc3 20. Bxb7 Qxb7 21. bxc3 g6 22. Qe2 Qc7 23. Qe3 Bg7 24. Rd3 Rc4 25. g3 Qc6 26. Qf3 Qxf3 27. Rxf3 b5 28. Rb1 a6 29. Re3 Ra4 30. a3 Bf8 31. f5 g5 32. f6 Bxa3 33. c4 b4 1-0

[Event "EU-ch U12 26th"]
[Site "Prague"]
[Date "2016.08.18"]
[Round "1"]
[White "Carbonell Sancho, Marc"]
[Black "Devyaterikov, Ivan"]
[Result "1-0"]
[WhiteElo "1857"]
[BlackElo "1536"]
[PlyCount "81"]
[EventDate "2016.08.18"]
[EventType "swiss"]
[EventRounds "9"]
[EventCountry "CZE"]
[SourceTitle "CBM 174 Extra"]
[Source "ChessBase"]
[SourceDate "2016.10.10"]
[SourceVersion "1"]
[SourceVersionDate "2016.10.10"]
[SourceQuality "1"]

1. e4 c6 2. d4 d5 3. Nc3 dxe4 4. Nxe4 Nd7 5. Nf3 Ngf6 6. Bd3 Nxe4 7. Bxe4 Nf6 8. Bd3 Bg4 9. c3 e6 10. Bg5 Be7 11. 0-0 0-0 12. Re1 Rc8 13. Be2 c5 14. Qa4 Qb6 15. Be3 Ne4 16. dxc5 Qc6 17. Qc4 Qd5 18. Qxd5 exd5 19. Nd4 Bxe2 20. Nxe2 Bxc5 21. Bxc5 Nxc5 22. Red1 Na4 23. Rab1 Rfd8 24. f3 h6 25. Kf2 b5 26. Rd2 Nb6 27. Rd4 a5 28. Rbd1 Kf8 29. Nf4 Rc5 30. h4 g5 31. hxg5 hxg5 32. Nd3 Rc4 33. Ne5 Rxd4 34. Rxd4 Nc4 35. Nxc4 bxc4 36. Rd2 a4 37. Ke3 Ke7 38. Rd4 Rd6 39. Ke2 f6 40. g3 Ke6 41. Ke3 1-0